Flaggen ohne Symbole #1 - Statistiken

Allgemein
  • Dieses Quiz wurde 78 mal gespielt
  • Das Durchschnittsergebnis liegt bei 9 aus 12
Antwortstatistiken
Bildquiz Antwort % Korrekt
Brasilien
99%
Spanien
96%
Portugal
93%
Uruguay
92%
Uganda
81%
Sri Lanka
77%
Algerien
76%
Liechtenstein
74%
Serbien
74%
Brunei
64%
Libanon
64%
Vanuatu
49%
Keine übereinstimmenden Quizze gefunden
Verteilung der Resultate
Anzahl Personen mit jedem Resultat
Perzentil nach korrekt beantworteten Fragen
Ihre Resultats-Entwicklung
Sie haben dieses Quiz noch nicht gespielt